01083nam a22002537a 4500003000400000005001700004008004100021017002100062020001800083040001400101245015000115260005100265300002000316504004700336650005700383650004400440651009200484700003100576700003100607710003400638942000800672999001500680952013400695OSt20160622153319.0160622s2016 sp 001 e spa|d aDL V. 613-2016  a9788437099415 bcatcCDMR04aLas Sombras de la transiciónb: el relato crítico de los corresponsales extranjeros : 1975-1978 cMarcel Mauri [et al.] ; Jaume Gillamet, ed. aValència :bUniversitat de València,c2016 a292 p. ;c24 cm aReferències bibliogràfiques. Índex 09aTransició democràtica espanyola, 1975-19822thub04aCorresponsals estrangerszEspanya92802 4aEspanyaxHistòriay1975-1978, Transició a la democràciaxCobertura periodística1 aMauri, Marceld1977-939991 aGuillamet, Jaumeeed.94172 aUniversitat Pompeu Fabra9619 cMON c6946d6946 00104070aCDMRbCDMRd2016-06-22eDonacióg18.00l2m1oCa 5/10pCDMR16061269r2019-05-27s2019-05-03v18.00w2016-06-22yMON